Länder der Welt auf Englisch mit einer Karte - Statistiken

Allgemein
  • Dieses Quiz wurde 845 mal gespielt
  • Das Durchschnittsergebnis liegt bei 89 aus 196
Antworten auf der Karte
Die Antworten werden auf der Karte rot bzw. grün angezeigt, abhängig davon wie oft sie richtig erraten wurden.
 
Antwortstatistiken
Land/Country % Korrekt
Germany
89%
Canada
88%
Mexico
85%
France
84%
Spain
83%
Russia
82%
Italy
81%
United States
81%
Portugal
80%
China
79%
Sweden
79%
Australia
77%
Brazil
77%
Poland
77%
Austria
76%
Ireland
76%
Norway
76%
Chile
75%
Denmark
75%
India
75%
Japan
74%
Switzerland
73%
Ukraine
73%
United Kingdom
73%
Argentina
71%
Finland
71%
Turkey
71%
Belgium
70%
Greece
70%
Iceland
70%
South Korea
70%
Netherlands
69%
North Korea
69%
Iran
67%
Egypt
66%
South Africa
64%
Panama
63%
Peru
63%
Albania
62%
Croatia
62%
Niger
62%
Belarus
61%
Cuba
61%
New Zealand
61%
Indonesia
60%
Mongolia
60%
Saudi Arabia
60%
Serbia
60%
Iraq
59%
Pakistan
59%
Romania
59%
Thailand
59%
Venezuela
59%
Israel
58%
Luxembourg
58%
Vietnam
58%
Bulgaria
57%
Bolivia
56%
Hungary
56%
Uruguay
56%
Algeria
55%
Paraguay
55%
Afghanistan
54%
Oman
54%
Estonia
53%
Madagascar
53%
Nepal
53%
Nigeria
53%
Syria
52%
Ecuador
51%
Kosovo
51%
Colombia
50%
Costa Rica
50%
Jamaica
50%
Slovenia
50%
Slovakia
49%
Guatemala
48%
Haiti
48%
Honduras
48%
Lithuania
48%
Malaysia
48%
Morocco
48%
Sri Lanka
48%
Sudan
48%
Taiwan
48%
Dominica
47%
Laos
47%
Latvia
47%
Malta
47%
Andorra
46%
Georgia
46%
Somalia
46%
Czech Republic
45%
Ghana
45%
Guyana
45%
Nicaragua
45%
El Salvador
44%
Jordan
44%
Liechtenstein
44%
Yemen
44%
Armenia
43%
Belize
43%
Cyprus
43%
Libya
43%
Philippines
43%
Bahamas
42%
Bangladesh
42%
Bhutan
42%
Myanmar
42%
Qatar
42%
South Sudan
42%
Suriname
42%
Angola
41%
Mali
41%
Montenegro
41%
San Marino
41%
North Macedonia
40%
Ethiopia
39%
Monaco
39%
Namibia
39%
Senegal
38%
Botswana
37%
Guinea
37%
Tunisia
37%
Turkmenistan
37%
Cambodia
36%
Chad
36%
Papua New Guinea
36%
Eritrea
35%
Moldova
35%
Togo
35%
Uzbekistan
35%
Lesotho
34%
Dominican Republic
33%
Kenya
33%
Vatican City
33%
Barbados
32%
Kuwait
32%
Uganda
32%
Bahrain
31%
Benin
31%
Bosnia and Herzegovina
30%
Eswatini
30%
Lebanon
30%
Liberia
30%
United Arab Emirates
30%
Fiji
29%
Kazakhstan
29%
Zimbabwe
29%
Azerbaijan
27%
Burkina Faso
27%
Gambia
27%
Guinea-Bissau
27%
Malawi
27%
Mauritius
27%
Saint Lucia
27%
Tuvalu
27%
Burundi
26%
Nauru
26%
Palau
26%
Tanzania
26%
Cameroon
25%
Kiribati
25%
Sierra Leone
25%
Singapore
25%
Vanuatu
25%
Central African Republic
24%
Grenada
24%
Ivory Coast
24%
Tonga
24%
Zambia
24%
Brunei
23%
Rwanda
23%
Marshall Islands
22%
Mozambique
22%
Samoa
22%
Seychelles
22%
Equatorial Guinea
21%
Maldives
21%
Trinidad and Tobago
21%
Cape Verde
20%
Saint Kitts and Nevis
20%
East Timor
19%
Gabon
18%
Antigua and Barbuda
17%
Tajikistan
17%
Mauritania
15%
Saint Vincent and the Grenadines
15%
São Tomé and Príncipe
14%
Djibouti
14%
Democratic Republic of the Congo
12%
Federated States of Micronesia
12%
Kyrgyzstan
12%
Solomon Islands
11%
Comoros
10%
Republic of the Congo
9%
Keine übereinstimmenden Quizze gefunden
Verteilung der Resultate
Anzahl Personen mit jedem Resultat
Perzentil nach korrekt beantworteten Fragen
Ihre Resultats-Entwicklung
Sie haben dieses Quiz noch nicht gespielt